000
00340 a2200157 4500
001
46107
020
_a
9788576351080
040
_c
Anchieta - Aquarius
100
_a
Albergaria, Lino de
240
1
0
_a
=Tomás e Taís
_l
por
245
1
0
_a
=Tomás e Taís
300
_a
362
0
_a
2006
650
4
_a
Literatura brasileira
942
_c
BK
999
_c
46107
_d
46107